<?xml version="1.0" encoding="UTF-8"?>
<record
    xmlns:xsi="http://www.w3.org/2001/XMLSchema-instance"
    xsi:schemaLocation="http://www.loc.gov/MARC21/slim http://www.loc.gov/standards/marcxml/schema/MARC21slim.xsd"
    xmlns="http://www.loc.gov/MARC21/slim">

  <leader>00474nam a22001457a 4500</leader>
  <controlfield tag="005">20150209141452.0</controlfield>
  <controlfield tag="008">150209b        xxu||||| |||| 00| 0 eng d</controlfield>
  <datafield tag="040" ind1=" " ind2=" ">
    <subfield code="c">PK-LaUMT</subfield>
  </datafield>
  <datafield tag="082" ind1=" " ind2=" ">
    <subfield code="a">KHC 891.4393</subfield>
    <subfield code="b">PRE-</subfield>
  </datafield>
  <datafield tag="100" ind1=" " ind2=" ">
    <subfield code="a">&#x62E;&#x648;&#x627;&#x62C;&#x6C1; &#x645;&#x62D;&#x645;&#x62F; &#x632;&#x6A9;&#x631;&#x6CC;&#x627;(&#x62A;&#x631;&#x62A;&#x6CC;&#x628;</subfield>
  </datafield>
  <datafield tag="245" ind1=" " ind2=" ">
    <subfield code="a">&#x67E;&#x631;&#x6CC;&#x645; &#x686;&#x646;&#x62F; &#x6A9;&#x6D2; &#x645;&#x646;&#x62A;&#x62E;&#x628; &#x628;&#x6C1;&#x62A;&#x631;&#x6CC;&#x646; &#x627;&#x641;&#x633;&#x627;&#x646;&#x6D2;</subfield>
    <subfield code="c">&#x62E;&#x648;&#x627;&#x62C;&#x6C1; &#x645;&#x62D;&#x645;&#x62F; &#x632;&#x6A9;&#x631;&#x6CC;&#x627;</subfield>
  </datafield>
  <datafield tag="260" ind1=" " ind2=" ">
    <subfield code="a">&#x644;&#x627;&#x6C1;&#x648;&#x631;</subfield>
    <subfield code="b">&#x645;&#x6A9;&#x62A;&#x628;&#x6C1; &#x645;&#x6CC;&#x631;&#x6CC; &#x644;&#x627;&#x626;&#x628;&#x631;&#x6CC;&#x631;&#x6CC;</subfield>
    <subfield code="c">1986</subfield>
  </datafield>
  <datafield tag="300" ind1=" " ind2=" ">
    <subfield code="a">346 &#x635;</subfield>
  </datafield>
  <datafield tag="942" ind1=" " ind2=" ">
    <subfield code="c">BK</subfield>
  </datafield>
  <datafield tag="999" ind1=" " ind2=" ">
    <subfield code="c">66007</subfield>
    <subfield code="d">66007</subfield>
  </datafield>
  <datafield tag="952" ind1=" " ind2=" ">
    <subfield code="0">0</subfield>
    <subfield code="1">0</subfield>
    <subfield code="4">0</subfield>
    <subfield code="7">0</subfield>
    <subfield code="a">01</subfield>
    <subfield code="b">01</subfield>
    <subfield code="d">2015-02-09</subfield>
    <subfield code="l">0</subfield>
    <subfield code="o">KHC 891.4393 PRE-</subfield>
    <subfield code="p">70034</subfield>
    <subfield code="r">2015-02-09 00:00:00</subfield>
    <subfield code="w">2015-02-09</subfield>
    <subfield code="y">BK</subfield>
  </datafield>
</record>
